Âm nhạc 7 Sách giáo viên
Сохранить в:
| Главный автор: | |
|---|---|
| Другие авторы: | |
| Формат: | |
| Язык: | Undetermined |
| Опубликовано: |
H.
Giáo dục
1998
|
| Предметы: | |
| Online-ссылка: | http://lrc.tdmu.edu.vn/opac/search/detail.asp?aID=2&ID=4702 |
| Метки: |
Добавить метку
Нет меток, Требуется 1-ая метка записи!
|
| Thư viện lưu trữ: | Trung tâm Học liệu Trường Đại học Thủ Dầu Một |
|---|
| LEADER | 00648nam a2200217Ia 4500 | ||
|---|---|---|---|
| 001 | TDMU_4702 | ||
| 008 | 210410s9999 xx 000 0 und d | ||
| 082 | |a 780.72 | ||
| 090 | |b L250 | ||
| 100 | |a Lê, Minh Châu | ||
| 245 | 0 | |a Âm nhạc 7 | |
| 245 | 0 | |b Sách giáo viên | |
| 245 | 0 | |c Lê Minh Châu | |
| 260 | |a H. | ||
| 260 | |b Giáo dục | ||
| 260 | |c 1998 | ||
| 300 | |a 56tr | ||
| 650 | |a Sách lớp 7 |v Giáo viên; Âm nhạc |x Dạy và học | ||
| 700 | |a Cao, Minh Khanh | ||
| 856 | |u http://lrc.tdmu.edu.vn/opac/search/detail.asp?aID=2&ID=4702 | ||
| 980 | |a Trung tâm Học liệu Trường Đại học Thủ Dầu Một | ||